000 00425nmm a2200145Ia 4500
008 251105s9999||||xx |||||||||||||||||und||
041 _aspa
100 _aMadrid, Juan
245 0 _aCuentas pendientes :
_b Serie de Toni Romano 5
264 _a[Madrid, España] :
_bEdiciones B,
_c2016
300 _a208 páginas
650 _aThriller & Suspense
856 _uhttps://public.digitaliapublishing.com/a/54352
942 _cCF
999 _c105810
_d105810